| 000 | 01463cam a2200409 4500 | ||
|---|---|---|---|
| 999 |
_c23229 _d23229 |
||
| 001 | vtls011873856 | ||
| 005 | 20220428080930.0 | ||
| 008 | 200612s2019 xo er 000 fdslo | ||
| 020 |
_a9788055166858 _q(viazané) |
||
| 035 | _aurn:nbn:sk:snk-am00dsq9 | ||
| 035 | _aurn:nbn:sk:snk-am3i7h2 | ||
| 035 | _a6C970D64-B559-4A9C-9EA3-295A191B93DC | ||
| 040 |
_aPPPK _bslo _cPPPK _dSNK _erda |
||
| 041 | 1 |
_aslo _hswe |
|
| 044 |
_axo _cSK |
||
| 072 | 7 |
_a821.11 _xGermánske literatúry _2konspekt |
|
| 080 |
_a821.113.6-31 _22011 |
||
| 080 |
_a(0:82-312.4) _22011 |
||
| 100 | 1 |
_aEdvardsson, Mattias, _d1977- _4aut _93042 |
|
| 240 | 1 | 0 |
_aEn helt vanlig familj _lSlovensky |
| 245 | 1 | 0 |
_aSkoro obyčajná rodina _cMattias Edvardsson ; preložila Anna Chelemendiková |
| 246 | 1 |
_iObálkový podnázov: _aZa akých okolností je prípustné zobrať spravodlivosť do vlastných rúk? |
|
| 264 | 1 |
_aBratislava _bIkar _c2019 |
|
| 300 |
_a469 strán _c21 cm |
||
| 336 |
_atext _btxt _2rdacontent |
||
| 337 |
_abez média _bn _2rdamedia |
||
| 338 |
_azväzok _bnc _2rdacarrier |
||
| 500 | _aPreložené zo švédčiny | ||
| 500 | _aObsahuje biografické údaje o autorovi na prebale publikácie | ||
| 655 | 7 |
_ašvédske romány _2SNKPH _91715 |
|
| 655 | 7 |
_adetektívne romány _2SNKPH _91710 |
|
| 655 | 7 |
_aSwedish fiction _2SNKPHeng _91716 |
|
| 655 | 7 |
_aDetective novels _2SNKPHeng _91711 |
|
| 700 | 1 |
_aChelemendiková, Anna _4trl _92622 |
|
| 958 | _aLX | ||
| 958 | _aUP | ||